| 000 | 01123nam a22002775i 4500 | ||
|---|---|---|---|
| 999 |
_c28871 _d28842 |
||
| 003 | EG-ScBUE | ||
| 005 | 20200928131205.0 | ||
| 008 | 200219s2006 ii f 001 fdeng d | ||
| 020 | _a8175810831 | ||
| 040 |
_aEG-ScBUE _beng _erda _cEG-ScBUE _dEG-ScBUE |
||
| 082 | 0 | 4 |
_a822.4 _bDRY _222 |
| 100 | 1 |
_aDryden, John, _d1631-1700, _eauthor. |
|
| 245 | 1 | 0 |
_aAll for love / _cJohn Dryden ; editor Ramji Lall, M. A., Formerly Principal Dyal Singh College, University of Delhi, New Delhi. |
| 250 | _aFourteenth edition. | ||
| 264 | 1 |
_aNew Delhi : _bRama Brothers India PVT., _c2006. |
|
| 300 |
_a464 pages ; _c22 cm |
||
| 336 |
_atext _btxt _2rdacontent |
||
| 337 |
_aunmediated _bn _2rdamedia |
||
| 338 |
_avolume _bnc _2rdacarrier |
||
| 500 | _a"edited with a critical introduction, a complete paraphrase of the text, model explanations, notes, questions, and answers." -- title page. | ||
| 600 | 1 | 7 |
_aDryden, John, _d1631-1700 _xCriticism and interpretation. _2BUEsh |
| 600 | 1 | 7 |
_aCleopatra, _cQueen of Egypt, _dd. 30 B.C. _vDrama. _2BUEsh |
| 653 |
_bHHUUEENN _cSeptember2020 |
||
| 700 | 1 |
_aLall, Ramji, _eeditor. |
|
| 942 |
_2ddc _cBB |
||